000 00831nam a2200277 i 4500
001 67678
003 ES-MaACL
005 20231215063513.0
007 t|
008 040609s2003 sp |||| | spa d
020 _a84-96088-06-5
080 _a94(460)"1931/39"(046)
080 _a94(460)"1939/75"(046)
080 _a32(460)"1975/..."(046)
100 1 _aMoa, Pío
_d1948-
_9226432
245 1 0 _aContra la mentira /
_cPío Moa.
250 _a1ª ed.
260 _aMadrid :
_bLibroslibres,
_c2003.
300 _a271 p. ;
_c21 cm.
500 _aÍndice.
651 4 _aEspaña-
_xHistoria-
_y1931-1939, II República.
_98283
651 4 _aEspaña-
_xHistoria-
_y1939-1975, Dictadura.
_9167928
651 4 _aEspaña-
_xPolítica y gobierno-
_y1975-
_9159606
852 _aES-MaACL
_jL-27861
999 _c67678
_d67678